[Event "ESP-ch U12 Rapid"]
[Site "Salobrena"]
[Date "2022.07.17"]
[Round "7"]
[White "Morras Alonso, Gael"]
[Black "Zapata Alias, Miguel"]
[Result "0-1"]
[WhiteElo "1197"]
[BlackElo "1300"]
[PlyCount "142"]
[EventDate "2022.07.09"]
[EventType "swiss (rapid)"]
[EventRounds "9"]
[EventCountry "ESP"]
[SourceTitle "EXT 2023"]
[Source "ChessBase"]
[SourceDate "2022.10.05"]
[SourceVersion "1"]
[SourceVersionDate "2022.10.05"]
[SourceQuality "1"]

1. e4 e6 2. d4 d5 3. exd5 exd5 4. Bd3 Bd6 5. Qf3 c6 6. Ne2 Nf6 7. h3 h6 8. 0-0 0-0 9. Bf4 Re8 10. Bxd6 Qxd6 11. Ng3 Nbd7 12. Nc3 Nf8 13. Rfe1 Bd7 14. Rxe8 Rxe8 15. Bf5 Bxf5 16. Nxf5 Qe6 17. Ng3 Ng6 18. Nce2 Ne4 19. c3 Nxg3 20. Nxg3 Nh4 21. Qf4 Ng6 22. Qf3 Nf8 23. Nh5 Qe4 24. Qg3 Qg6 25. Qf3 Nh7 26. Nf4 Qe4 27. Qxe4 Rxe4 28. g3 g5 29. Nd3 Nf6 30. Nc5 Re2 31. Rb1 b6 32. Nd3 Kf8 33. Nb4 c5 34. dxc5 bxc5 35. Nd3 Rd2 36. Ne5 Ke8 37. Re1 Kf8 38. Rb1 a6 39. c4 d4 40. Nf3 Rc2 41. Ne5 Ke7 42. Nc6+ Kd6 43. Na5 d3 44. Rd1 d2 45. Nb3 Rxb2 46. Rxd2+ Rxd2 47. Nxd2 Ke5 48. Kg2 Ne4 49. Nb3 Kd6 50. Kf3 Nc3 51. a3 Nb1 52. a4 Na3 53. Na5 Nc2 54. Nb3 Nd4+ 55. Nxd4 cxd4 56. Ke4 Kc5 57. Kd3 a5 58. f3 f5 59. g4 f4 60. Kd2 Kxc4 61. Kc2 d3+ 62. Kd2 Kd4 63. Kd1 Ke3 64. Ke1 Kxf3 65. Kd2 Ke4 66. Kd1 Ke3 67. Ke1 f3 68. Kf1 d2 69. Kg1 d1Q+ 70. Kh2 Qe2+ 71. Kg3 Qg2# 0-1